Kalkulácie a rozpočty príklady

Enregistré dans:
Détails bibliographiques
Auteur principal: Foltínová, Alžbeta
Collectivité auteur: Ekonomická univerzita v Bratislave. Fakulta podnikového manažmentu
Autres auteurs: Floreková, Slavka, 1975-, Tóth, Miroslav, 1961-, Mišáni, Ľubomír
Format: Livre
Langue:slovaque
Publié: Bratislava Vydavateľstvo EKONÓM 2004
Sujets:
Tags: Ajouter un tag
Pas de tags, Soyez le premier à ajouter un tag!

MARC

LEADER 00000nam a2200000 4500
001 0008607
005 20240502071353.8
020 |a 80-225-1790-9 
041 0 |a slo 
044 |a SK 
245 1 0 |a Kalkulácie a rozpočty  |b príklady  |c Alžbeta Foltínová a kolektív 
264 1 |a Bratislava  |b Vydavateľstvo EKONÓM  |c 2004 
300 |a 95 s. 
610 2 0 |a kalkulácia 
610 2 0 |a rozpočet podnikový 
610 2 0 |a kalkulácia nákladov 
610 2 0 |a rozpočtovníctvo 
610 2 0 |a podnik 
610 2 0 |a plánovanie 
610 2 0 |a metódy kalkulačné 
610 2 0 |a odvetvia činnosti ekonomickej 
610 2 0 |a rozpočtovanie 
610 2 0 |a rozpočtovníctvo 
610 2 0 |a rozpočet podnikový 
610 2 0 |a účtovníctvo 
100 1 |a Foltínová, Alžbeta 
700 1 |a Floreková, Slavka, 1975- 
700 1 |a Tóth, Miroslav, 1961- 
700 1 |a Mišáni, Ľubomír 
710 2 |a Ekonomická univerzita v Bratislave. Fakulta podnikového manažmentu